| Tag |
First Indicator |
Second Indicator |
Subfields |
| LEADER |
00000cas a2200000Ia 4500 |
| 001 |
in00001571321 |
| 005 |
20151022085227.0 |
| 006 |
m d |
| 007 |
cr mnu-------- |
| 008 |
980407c19uu9999nyuuu p s 0 0eng d |
| 022 |
|
|
|a 0195-9255
|
| 035 |
|
|
|a (OCoLC)ocm38907811
|
| 040 |
|
|
|a OH1
|c OH1
|d OCL
|d OCLCQ
|d UtOrBLW
|
| 049 |
|
|
|a TXAM
|
| 090 |
|
|
|a TD194.6
|b .E593
|
| 130 |
0 |
|
|a Environmental impact assessment review (Online)
|
| 245 |
1 |
0 |
|a Environmental impact assessment review.
|
| 264 |
|
1 |
|a New York, NY :
|b Elsevier Science Pub. Co.
|
| 336 |
|
|
|a text
|b txt
|2 rdacontent
|
| 337 |
|
|
|a computer
|b c
|2 rdamedia
|
| 338 |
|
|
|a online resource
|b cr
|2 rdacarrier
|
| 362 |
1 |
|
|a Coverage as of Apr. 4, 1998: Vol. 17, issue 1 (Jan. 1997)-
|
| 500 |
|
|
|a Description based on: Volume 17, issue 1 (Jan. 1997); title from general information screen (viewed Apr. 4, 1998).
|
| 506 |
|
|
|a Subscription and registration required for access.
|
| 516 |
|
|
|a Abstracts, tables of contents, and citation information are HTML encoded; articles are available in portable document format (PDF) and as Postscript Level 2 files.
|
| 530 |
|
|
|a Online version of the print title: Environmental impact assessment review.
|
| 538 |
|
|
|a System requirements: Internet connectivity, World Wide Web browser, and Adobe Acrobat reader.
|
| 538 |
|
|
|a Mode of access: World Wide Web.
|
| 500 |
|
|
|a Electronic resource.
|
| 650 |
|
0 |
|a Environmental impact analysis
|z United States
|v Periodicals.
|
| 650 |
|
0 |
|a Environmental impact analysis
|v Periodicals.
|
| 650 |
|
2 |
|a Environmental Monitoring
|x periodicals.
|
| 776 |
1 |
|
|t Environmental impact assessment review
|x 0195-9255
|w (DLC) 80647731
|w (OCoLC)5701894
|
| 948 |
|
|
|a MFHD URL added
|b h
|c 2002/8/5
|d c
|e bsurratt
|f 2:24:06 pm
|
| 994 |
|
|
|a E0
|b TXA
|
| 999 |
|
|
|a MARS
|
| 999 |
f |
f |
|s a48d38a4-f9b7-3989-8549-e66328107e8a
|i 59b6ff17-01c1-3849-b9d1-d28dbe8f223f
|t 0
|
| 952 |
f |
f |
|a Texas A&M University
|b College Station
|c Electronic Resources
|d Available Online
|t 0
|e TD194.6 .E593
|g Electronic
|h Library of Congress classification
|
| 998 |
f |
f |
|a TD194.6 .E593
|t 0
|l Available Online
|